000 00558nam a2200229Ia 4500
003 OSt
005 20220924152641.0
006 a|||||r|||| 00| 0
007 ta
008 220923b |||||||| |||| 00| 0 urd d
024 _a343727
037 _cTextual
040 _aARTS
_cARTS
_burd
041 _2urd
_aurd
082 _aO168, L8
100 _aHussain Suraiyya Au.
_9227189
245 0 _aRaftar
260 _c1978
650 _aURDU LITERATURE
942 _hO168, L8
_cTEXL
_2CC
999 _c470585
_d470585